Využitie prírodných zdrojov chladu na klimatizovanie rodinného domu

Guardado en:
Detalles Bibliográficos
Autor principal: Márföldi, Ivan (Autor)
Otros Autores: Masaryk, Michal (Orientador)
Formato: Manuscrito Libro
Lenguaje:eslovaco
Publicado: 2018
Materias:
Acceso en línea:http://is.stuba.sk/zp/portal_zp.pl?podrobnosti=133127
Etiquetas: Agregar Etiqueta
Sin Etiquetas, Sea el primero en etiquetar este registro!

MARC

LEADER 00000ntm a22000003a 4500
001 stuzp69167
003 SK-STU
005 20180820160947.5
007 ta
008 150427s2015----xo-----f-mn---000-0-slo-d
040 |a STU  |b slo 
041 0 |a slo 
100 1 |a Márföldi, Ivan  |u 020060  |4 aut  |U SjF Strojnícka fakulta  |T SjF Ústav energetických strojov a zariadení  |X 81374  |U J0060  |Y 805  |7 81374 
242 0 1 |a Utilization of natural sources of cold for air-conditioning of a family house  |y eng 
245 1 0 |a Využitie prírodných zdrojov chladu na klimatizovanie rodinného domu 
260 |c 2018 
650 4 |a prestup tepla  |2 slo 
650 4 |a tepelný zisk  |2 slo 
650 4 |a klimatizačné zariadenie  |2 slo 
650 4 |a pôda  |2 slo 
650 4 |a soil  |2 eng 
650 4 |a heat exchanger  |2 eng 
650 4 |a heat load  |2 eng 
650 4 |a air conditioner  |2 eng 
700 1 |a Masaryk, Michal  |u 020060  |k Z1  |4 ths  |U SjF Strojnícka fakulta  |T SjF Ústav energetických strojov a zariadení  |X 3392  |U J0060  |Y 805  |7 A000003392 
856 4 |u http://is.stuba.sk/zp/portal_zp.pl?podrobnosti=133127